The outcasts of poker flat, and other tales
Guardado en:
| Autor principal: | |
|---|---|
| Formato: | Libro |
| Lenguaje: | inglés |
| Publicado: |
Nueva York
New American Library
1961
|
| Colección: | Signet Classic
|
| Materias: | |
| Etiquetas: |
Agregar Etiqueta
Sin Etiquetas, Sea el primero en etiquetar este registro!
|
MARC
| LEADER | 00000nam a2200000 a 4500 | ||
|---|---|---|---|
| 001 | UCQ4295 | ||
| 003 | CL-VaPUC | ||
| 008 | 980904e19610000US |||||||||||||||||eng|d | ||
| 082 | 0 | 4 | |a 813 |b HAR |2 21 |
| 100 | |a Harte, Bret |e author |9 418545 | ||
| 245 | 1 | 4 | |a The outcasts of poker flat, and other tales |
| 300 | |a 299 p | ||
| 942 | |c BK | ||
| 945 | |d 19980904 00:00:00 |a crobeson | ||
| 260 | |a Nueva York |b New American Library |c 1961 | ||
| 650 | 0 | |a Cuentos estadounidenses |9 265133 | |
| 650 | 0 | |a Literatura estadounidense |9 317168 | |
| 583 | |a last modification |c 19980904 00:00:00 |k Rodrigo Vera | ||
| 490 | 0 | |a Signet Classic | |
| 999 | |c 274681 |d 274679 | ||
| 952 | |0 0 |1 0 |4 0 |6 813_000000000000000_HAR_1961 |7 0 |8 A |9 310969 |a BIBEDU |b BIBEDU |d 2019-11-20 |i 1460609 |o 813 HAR 1961 |p 1460609 |r 2019-11-20 |w 2019-11-20 |y BK |k LIT | ||